000 00711nam a2200289Ia 4500
005 20260324133354.0
008 008 260324s9999 xx 000 0 eng d
020 _a9781315196404
037 _aEBOOK
040 _aCRL
040 _beng
040 _cCRL
041 _2eng
041 _aeng
084 _qCRL
100 _aPrem Jung Thapa
_91192845
245 0 _aModelling the Efficiency of Family and Hired Labour
245 0 _bIllustrations from Nepalese Agriculture
260 _bTaylor and Francis
260 _c2003
365 _a
365 _b160
856 _uhttp://www.taylorfrancis.com/books/9781315196404
942 _cEBOOK
999 _c1791818
_d1791818